000 00533nam a2200181Ia 4500
003 OSt
005 20260325110523.0
008 211028s2006 xx 000 0 und d
040 _cAIMIT LIBRARY
041 _aeng
082 _a658.3 DSOS
100 _aDsouza, Santhosh Deepak;P G Aquinas.
_g40911114
_95623
245 _aA study of conflict management at new Mangalore port trust /
260 _bP G Aquinas
_c2006
600 _aHuman Resource Management
_95624
650 _aHuman Resource Management
_95625
942 _2ddc
_cPRO
999 _c217966
_d217966